[Event "ICS rated blitz match"]
[Site "207.99.83.227"]
[Date "1999.04.29"]
[Round "?"]
[White "guoyu"]
[Black "Hossa"]
[Result "0-1"]
[WhiteElo "2396"]
[BlackElo "2499"]
[PlyCount "54"]

1. e4 c5 2. Nf3 e6 3. d4 Nc6 4. d5 Na5 5. c4 exd5 6. exd5 Bd6 7. Nc3 Nf6 8. Be2
O-O 9. O-O Re8 10. Bg5 b6 11. Qd2 Ba6 12. b3 Bc7 13. Bd3 h6 14. Bh4 Nb7 15.
Rae1 Nd6 16. Ne5 Rxe5 17. Rxe5 Nxc4 18. Bxc4 Bxc4 19. Rfe1 Bxe5 20. Rxe5 Ba6
21. Rf5 Ne4 22. Nxe4 Qxh4 23. f3 Re8 24. Rf4 Qh5 25. Ng3 Qg5 26. Kf2 Bd3 27. h4
27... Qxd5 {guoyu resigns} 0-1

[Event "ICS rated blitz match"]
[Site "207.99.83.227"]
[Date "1999.04.29"]
[Round "?"]
[White "xypher"]
[Black "Hossa"]
[Result "1-0"]
[WhiteElo "2727"]
[BlackElo "2510"]
[PlyCount "89"]

1. d4 Nf6 2. c4 e6 3. Nc3 Bb4 4. Qc2 d5 5. a3 Bxc3+ 6. Qxc3 O-O 7. Bg5 dxc4 8.
Qxc4 Nbd7 9. Nf3 c6 10. e4 Qb6 11. Qc2 Kh8 12. Bc4 c5 13. e5 Nd5 14. Bxd5 exd5
15. Be7 Re8 16. Bxc5 Nxc5 17. dxc5 Qa5+ 18. b4 Qa6 19. Qc3 Bg4 20. O-O-O Rad8
21. Rhe1 Qa4 22. Ng5 Bh5 23. g4 Bg6 24. f4 d4 25. Qb2 h6 26. Nf3 d3 27. f5 Bh7
28. Re3 f6 29. Rexd3 Rxd3 30. Rxd3 Qb5 31. Kd2 fxe5 32. Nxe5 Re7 33. Rd8+ Re8
34. Qd4 Bg8 35. Rd6 Bb3 36. Rg6 Kh7 37. f6 Rg8 38. Qe4 Kh8 39. f7 Rf8 40. Re6
Rd8+ 41. Ke3 Bc2 42. Ng6+ Kh7 43. Nf8+ Kh8 44. Rxh6+ gxh6 45. Qe5# {
Hossa checkmated} 1-0

[Event "ICS rated blitz match"]
[Site "207.99.83.227"]
[Date "1999.04.29"]
[Round "?"]
[White "Hossa"]
[Black "inmortal"]
[Result "1/2-1/2"]
[WhiteElo "2503"]
[BlackElo "2435"]
[PlyCount "121"]

1. e4 e5 2. Nf3 Nc6 3. Bb5 a6 4. Ba4 Nf6 5. O-O Be7 6. d3 b5 7. Bb3 d6 8. Nc3
Bg4 9. Nd5 Nd4 10. c3 Nxf3+ 11. gxf3 Bh3 12. Re1 c6 13. Nxe7 Qxe7 14. f4 O-O
15. Qf3 Be6 16. fxe5 dxe5 17. Bg5 h6 18. Bxf6 Qxf6 19. Qxf6 gxf6 20. Bxe6 fxe6
21. d4 Rfd8 22. dxe5 fxe5 23. Rad1 Kf7 24. Rxd8 Rxd8 25. Kg2 Rd2 26. Rb1 a5 27.
h4 a4 28. a3 Rc2 29. Kg3 h5 30. Kf3 Ke7 31. Ke3 Kd6 32. Rd1+ Kc5 33. Rd2 Rxd2
34. Kxd2 Kc4 35. Kc2 c5 36. f3 b4 37. axb4 cxb4 38. cxb4 Kxb4 39. Kc1 Kb3 40.
Kb1 Kb4 41. Ka2 Ka5 42. Ka3 Kb5 43. b3 axb3 44. Kxb3 Kc5 45. Kc3 Kb5 46. Kd3
Kb4 47. Kc2 Kc4 48. Kd2 Kd4 49. Ke2 Kc3 50. Kf1 Kd3 51. Kf2 Kd2 52. Kg3 Ke3 53.
Kg2 Ke2 54. Kg3 Ke3 55. Kg2 Ke2 56. Kg3 Kd3 57. Kh2 Ke3 58. Kg3 Kd4 59. Kg2 Ke3
60. Kg3 Kd3 61. Kh2 {Game drawn by mutual agreement} 1/2-1/2

[Event "ICS rated blitz match"]
[Site "207.99.83.227"]
[Date "1999.04.29"]
[Round "?"]
[White "Hossa"]
[Black "claudi"]
[Result "0-1"]
[WhiteElo "2512"]
[BlackElo "2412"]
[PlyCount "78"]

1. d4 Nf6 2. Bg5 c5 3. dxc5 e6 4. b4 a5 5. e4 axb4 6. Nf3 Bxc5 7. e5 Bxf2+ 8.
Ke2 Bc5 9. exf6 gxf6 10. Bh6 b6 11. Ke1 Nc6 12. Nbd2 Rg8 13. Nb3 d5 14. Qd3 Rg6
15. Qd2 Bd7 16. Bd3 f5 17. Bb5 Rg4 18. Ng5 Qf6 19. Nxh7 Qh4+ 20. Kd1 Nd4 21. g3
Rxg3 22. Nf6+ Qxf6 23. Bxd7+ Kxd7 24. Nxc5+ bxc5 25. hxg3 Nf3 26. Qc1 Qd4+ 27.
Ke2 Ra3 28. Bf4 Qe4+ 29. Kd1 Nd4 30. Re1 Qf3+ 31. Kd2 c4 32. Qb1 c3+ 33. Kc1
Ne2+ 34. Kd1 Nxf4+ 35. Kc1 Ne2+ 36. Kd1 Nxg3+ 37. Kc1 Qf4+ 38. Re3 Qxe3+ 39.
Kd1 39... Qd2# {Hossa checkmated} 0-1

[Event "ICS rated blitz match"]
[Site "207.99.83.227"]
[Date "1999.04.29"]
[Round "?"]
[White "Hossa"]
[Black "guoyu"]
[Result "1/2-1/2"]
[WhiteElo "2505"]
[BlackElo "2367"]
[PlyCount "255"]

1. Nf3 c5 2. e4 d6 3. d4 cxd4 4. Nxd4 Nf6 5. Nc3 a6 6. Bd3 e6 7. O-O Be7 8. Qf3
O-O 9. Bg5 Qc7 10. Rad1 Nc6 11. Nxc6 bxc6 12. Qg3 e5 13. Be2 Kh8 14. f4 Be6 15.
fxe5 dxe5 16. Kh1 a5 17. a4 Rad8 18. b3 Rxd1 19. Rxd1 Rd8 20. Rxd8+ Bxd8 21.
Qf2 Qd6 22. Qa7 h6 23. Bxf6 gxf6 24. Qe3 Kg7 25. g4 Be7 26. Bf3 Qa3 27. Nd1 Bc5
28. Qc3 Qb4 29. Qxb4 Bxb4 30. Nf2 Kf8 31. Kg2 Ke7 32. Kh3 Bd2 33. Nd3 Kd6 34.
Kh4 c5 35. Be2 c4 36. bxc4 Bxc4 37. Kh5 Bxd3 38. Bxd3 Be3 39. Bf1 Ke7 40. Bc4
Bf4 41. h3 Be3 42. Bd5 Kf8 43. Bc6 Kg7 44. Be8 Kf8 45. Bb5 Kg7 46. Bd7 Kf8 47.
Bc8 Kg7 48. c4 Kg8 49. h4 Kg7 50. Bd7 Kf8 51. c5 Bxc5 52. Kxh6 Bf2 53. Kh5 Kg7
54. Bc6 Be1 55. Bd5 Bf2 56. Bc4 Be1 57. Bb5 Bf2 58. Ba6 Be1 59. Bc4 Bf2 60. Bb5
Be1 61. Ba6 Bf2 62. Bf1 Be1 63. Be2 Bf2 64. Bd1 Be1 65. Bb3 Bf2 66. g5 fxg5 67.
Kxg5 f6+ 68. Kg4 Be1 69. Be6 Bf2 70. Bd7 Be1 71. Bf5 Bd2 72. Kh3 Be1 73. Be6
Bd2 74. Kg4 Be1 75. Bd5 Bd2 76. Kf5 Be1 77. h5 Bd2 78. Be6 Bc1 79. Kg4 Bd2 80.
Bd5 Bc1 81. Bc4 Bd2 82. Be6 Bc1 83. Bd7 Bd2 84. Kf5 Bc1 85. Bb5 Bd2 86. Bc4 Bc1
87. Ba6 Bd2 88. Bd3 Bc1 89. Kg4 Bd2 90. Bc4 Bc1 91. Bb5 Bd2 92. Be8 Bc1 93. Kf5
Bd2 94. Bc6 Bc1 95. Kg4 Bd2 96. Kf3 Bc1 97. Bd7 Bd2 98. Bf5 Bc1 99. Bc8 Bd2
100. Kg4 Bc1 101. Bf5 Bd2 102. Kh4 Bc1 103. Be6 Bd2 104. Ba2 Bc1 105. Kh3 Bd2
106. Bd5 Bc1 107. Kg4 Bd2 108. Bb7 Bc1 109. Ba6 Bd2 110. Kf5 Bc1 111. Bc4 Bd2
112. Bb5 Bc1 113. Ke6 Bd2 114. Bd3 Bc1 115. Kf5 Bd2 116. Bc2 Bc1 117. Bb3 Bd2
118. Ke6 Bc1 119. Bc4 Bd2 120. Be2 Bc1 121. Kf5 Bd2 122. Bg4 Bc1 123. Bf3 Bd2
124. Ke6 Bc1 125. Bg4 Bd2 126. Bf5 Bc1 127. Kd5 Bd2 128. Bc8 {
Game drawn by the 50 move rule} 1/2-1/2

[Event "ICS rated blitz match"]
[Site "207.99.83.227"]
[Date "1999.04.29"]
[Round "?"]
[White "supernerd"]
[Black "Hossa"]
[Result "0-1"]
[WhiteElo "2113"]
[BlackElo "2499"]
[PlyCount "48"]

1. e4 e5 2. Bc4 Nf6 3. d3 Nc6 4. Nf3 Be7 5. O-O O-O 6. Re1 d6 7. h3 Na5 8. Bb3
Nxb3 9. axb3 Nd7 10. Nc3 f5 11. exf5 Rxf5 12. d4 c6 13. Qd3 Qf8 14. dxe5 dxe5
15. Ne4 Nc5 16. Qe2 Nxe4 17. Qxe4 Bd6 18. Be3 Bb8 19. Red1 Qf6 20. Rd2 Be6 21.
c4 a5 22. Rad1 Bc7 23. Rd3 Rh5 24. Nd2 24... Bf5 {supernerd resigns} 0-1

[Event "ICS rated blitz match"]
[Site "207.99.83.227"]
[Date "1999.04.29"]
[Round "?"]
[White "Hossa"]
[Black "RedBear"]
[Result "1-0"]
[WhiteElo "2502"]
[BlackElo "2503"]
[PlyCount "159"]

1. d4 d5 2. c4 c6 3. cxd5 cxd5 4. e3 Nc6 5. Nf3 Bf5 6. Bb5 Bxb1 7. Bxc6+ bxc6
8. Rxb1 Qa5+ 9. Bd2 Qxa2 10. Qc1 Qa6 11. Ra1 Qb7 12. O-O e6 13. Ne5 Rc8 14. Ra2
f6 15. Nd3 Qb3 16. Qb1 Rc7 17. Rc1 Bd6 18. Ba5 Rc8 19. Rc3 Qb8 20. Nc5 Bxc5 21.
Rxc5 Ne7 22. Qd1 O-O 23. Bc3 Rf7 24. Qh5 Nf5 25. Ra6 Qb7 26. Ra4 Qb3 27. Ra1
Qc2 28. Rf1 Qe4 29. Kh1 e5 30. Qh3 Qd3 31. Rg1 Re7 32. dxe5 fxe5 33. Bb4 Qe4
34. Bc3 Rb8 35. Rxc6 d4 36. exd4 exd4 37. Rc4 Qc2 38. Rxd4 Nxd4 39. Bxd4 Qe4
40. Qg3 Rc8 41. Qb3+ Kh8 42. Qa3 Qb7 43. Bc5 Re2 44. b4 a6 45. h3 Rd8 46. Qg3
Rdd2 47. Kh2 h6 48. Qf4 Ra2 49. Qf8+ Kh7 50. h4 Qe4 51. g3 Qd5 52. Kh3 Rad2 53.
Kh2 Qe5 54. Kg2 Qe4+ 55. Kh3 Qe6+ 56. Kh2 Qg6 57. Ra1 Qd3 58. Rg1 Qc2 59. Rg2
Qg6 60. Be3 Rb2 61. Qf3 Qb1 62. Bc5 Re1 63. Kh3 Qg6 64. g4 Ree2 65. Rg1 Red2
66. h5 Qe8 67. Qf5+ Kh8 68. Qf3 Rbc2 69. Ra1 Qc8 70. Qe4 Qxg4+ 71. Qxg4 Rd3+
72. Kh4 Rd5 73. Bd4 Rxd4 74. Qxd4 Rc8 75. Rxa6 Rf8 76. Rxh6+ Kg8 77. Qd5+ Rf7
78. Rg6 Kh7 79. Qxf7 Kh8 80. Qxg7# {RedBear checkmated} 1-0

[Event "ICS rated blitz match"]
[Site "207.99.83.227"]
[Date "1999.04.29"]
[Round "?"]
[White "nimraz"]
[Black "Hossa"]
[Result "0-1"]
[WhiteElo "2252"]
[BlackElo "2518"]
[PlyCount "37"]

1. e4 e5 2. d4 exd4 3. Nf3 Bb4+ 4. c3 dxc3 5. Nxc3 Nf6 6. Bc4 Nxe4 7. O-O Bxc3
8. bxc3 O-O 9. Re1 d5 10. Bxd5 Nf6 11. Bxf7+ Kxf7 12. Ng5+ Kg8 13. Qb3+ Qd5 14.
c4 Qf5 15. Rd1 Ng4 16. c5+ Kh8 17. Nf7+ Rxf7 18. Qxf7 Qxf7 19. Rd8+ {
nimraz resigns} 0-1

[Event "ICS rated blitz match"]
[Site "207.99.83.227"]
[Date "1999.04.29"]
[Round "?"]
[White "Hossa"]
[Black "nimraz"]
[Result "1-0"]
[WhiteElo "2524"]
[BlackElo "2246"]
[PlyCount "41"]

1. Nf3 c5 2. e4 e6 3. Nc3 a6 4. Be2 b5 5. O-O Bb7 6. d4 cxd4 7. Qxd4 Nc6 8. Qe3
Qc7 9. Bd2 Nf6 10. a4 b4 11. Nd1 h5 12. c3 Ng4 13. Qg5 Be7 14. Qf4 Bd6 15. Qg5
Bxh2+ 16. Kh1 Kf8 17. cxb4 f6 18. Qh4 g5 19. Qh3 Be5 20. Nxe5 Nd4 21. Ng6+ {
nimraz resigns} 1-0

[Event "ICS rated blitz match"]
[Site "207.99.83.227"]
[Date "1999.04.29"]
[Round "?"]
[White "sicillianknight"]
[Black "Hossa"]
[Result "1-0"]
[WhiteElo "2706"]
[BlackElo "2539"]
[PlyCount "199"]

1. d4 Nf6 2. c4 d6 3. Nc3 Nbd7 4. e4 e5 5. Nf3 Be7 6. Be2 O-O 7. O-O exd4 8.
Nxd4 Nc5 9. Qc2 Bg4 10. Nf5 Bxf5 11. exf5 Qd7 12. Be3 Rae8 13. Rfe1 b6 14. Rad1
a5 15. Bf3 Kh8 16. a3 Rg8 17. b4 axb4 18. axb4 Na6 19. b5 Nb4 20. Qb1 d5 21.
Nxd5 Nfxd5 22. Bxd5 Nxd5 23. Rxd5 Qc8 24. Red1 Bf6 25. Qd3 Rd8 26. Qe4 Rxd5 27.
Rxd5 Rd8 28. f3 Re8 29. Qd3 Kg8 30. Bd4 c6 31. bxc6 Qxc6 32. Qc3 Bxd4+ 33. Qxd4
Qh6 34. h4 Qc1+ 35. Kh2 h5 36. f6 g6 37. Rd7 Rc8 38. Rd8+ Rxd8 39. Qxd8+ Kh7
40. Qc7 Kg8 41. Qxb6 Qxc4 42. Kg3 Qd5 43. Qc7 Qf5 44. Qe7 Qc8 45. Kh2 Qb8+ 46.
Kg1 Qb1+ 47. Kf2 Qb6+ 48. Kg3 Qc6 49. Qe5 Kh7 50. Kh2 Qc4 51. Qe4 Qc7+ 52. f4
Qc1 53. f5 gxf5 54. Qxf5+ Kh6 55. Qe5 Kg6 56. Qe4+ Kxf6 57. Qd4+ Kf5 58. Qd5+
Kg6 59. Qe4+ Kf6 60. Qf3+ Kg6 61. Qd3+ Kh6 62. Qd6+ Kh7 63. Qf6 Qc7+ 64. Kh3
Qc8+ 65. Kg3 Qg4+ 66. Kf2 Kg8 67. Kg1 Kf8 68. Kh1 Qg6 69. Qh8+ Ke7 70. Qe5+ Kd7
71. Kg1 f5 72. Kf2 Qg4 73. Ke3 Kc6 74. g3 Kb6 75. Qd4+ Qxd4+ 76. Kxd4 f4 77.
gxf4 Kc6 78. Ke5 Kc5 79. f5 Kc6 80. Ke6 Kb6 81. f6 Kc5 82. f7 Kb4 83. f8=Q+ Kb3
84. Qf3+ Kb4 85. Qxh5 Kc4 86. Qd5+ Kc3 87. Qd2+ Kxd2 88. h5 Ke2 89. h6 Kf2 90.
h7 Ke3 91. Ke5 Kf3 92. Kd5 Kf4 93. Kd4 Kg5 94. Ke5 Kh5 95. Kf4 Kh6 96. h8=Q+
Kg6 97. Ke5 Kf7 98. Qh7+ Kf8 99. Ke6 Ke8 100. Qh8# {Hossa checkmated} 1-0

[Event "ICS rated blitz match"]
[Site "207.99.83.227"]
[Date "1999.04.29"]
[Round "?"]
[White "SuperChicken"]
[Black "Hossa"]
[Result "0-1"]
[WhiteElo "2711"]
[BlackElo "2530"]
[PlyCount "146"]

1. e4 e5 2. Nf3 Nc6 3. Bc4 Nf6 4. Ng5 d5 5. exd5 Nxd5 6. O-O Be7 7. Qf3 Bxg5 8.
Bxd5 O-O 9. Bxc6 bxc6 10. Qxc6 Rb8 11. Qc5 Qd6 12. Qxa7 Ba6 13. d3 Rb7 14. Qxb7
Bxb7 15. Bxg5 Qg6 16. f3 Qxg5 17. Nc3 Qf4 18. Ne4 Qe3+ 19. Nf2 Qd2 20. Rac1 Ra8
21. a3 f5 22. Rfd1 Qg5 23. Kh1 Ra6 24. Nh3 Qh6 25. Ng1 Qb6 26. Rf1 Bd5 27. c4
Be6 28. Rc2 Qd4 29. Re1 Qxd3 30. Rc3 Qd4 31. Rce3 Qxc4 32. Rxe5 Rd6 33. Nh3 h6
34. b4 Bd7 35. Rc5 Qh4 36. Rec1 c6 37. R5c4 Qf6 38. R4c2 Rd3 39. Ra2 Qe5 40.
Raa1 Qd4 41. Rf1 Rd2 42. Ng1 Qb2 43. Rfb1 Qc2 44. Rc1 Qa4 45. Rc3 Qa7 46. Rc5
f4 47. g3 fxg3 48. hxg3 Rd3 49. Ra2 Rxa3 50. Rxa3 Qxa3 51. Rc4 Qb2 52. Re4 Qf2
53. g4 Kf7 54. Rf4+ Ke7 55. Re4+ Be6 56. Re2 Qg3 57. Rg2 Qf4 58. Re2 Qxb4 59.
Re4 Qc3 60. Kg2 Qd2+ 61. Re2 Qd3 62. Kf2 Kd6 63. Re3 Qd2+ 64. Ne2 Bc4 65. Re4
Bd3 66. Re8 c5 67. g5 h5 68. Re3 h4 69. Re8 h3 70. Rd8+ Ke7 71. Rg8 Qxe2+ 72.
Kg3 Qe1+ 73. Kxh3 73... Qe6+ {SuperChicken resigns} 0-1

[Event "ICS rated blitz match"]
[Site "207.99.83.227"]
[Date "1999.04.29"]
[Round "?"]
[White "Hossa"]
[Black "FrankyK"]
[Result "1-0"]
[WhiteElo "2554"]
[BlackElo "2358"]
[PlyCount "71"]

1. Nf3 d5 2. c4 c6 3. cxd5 cxd5 4. e3 Nf6 5. Nc3 Bf5 6. Qb3 Qd7 7. Ne5 Qc7 8.
Bb5+ Nc6 9. d4 e6 10. Qa4 Rc8 11. Qxa7 Bd6 12. Nxc6 bxc6 13. Qxc7 Rxc7 14. Be2
O-O 15. O-O Rb8 16. Rd1 c5 17. Nb5 Rxb5 18. Bxb5 cxd4 19. Rxd4 Be5 20. Ra4 h6
21. Ra8+ Kh7 22. f4 Bd6 23. Ra6 Bc5 24. Rc6 Rxc6 25. Bxc6 d4 26. exd4 Bxd4+ 27.
Kf1 Ng4 28. h3 Bd3+ 29. Ke1 Nf6 30. Kd2 Ba6 31. Kc2 Nh5 32. Be4+ f5 33. Bf3 Ng3
34. Bd2 Kg6 35. Bc3 Be3 36. Re1 {FrankyK resigns} 1-0

[Event "ICS rated blitz match"]
[Site "207.99.83.227"]
[Date "1999.04.29"]
[Round "?"]
[White "Hossa"]
[Black "SuperChicken"]
[Result "1-0"]
[WhiteElo "2562"]
[BlackElo "2711"]
[PlyCount "79"]

1. e4 c5 2. Nf3 Nc6 3. d4 cxd4 4. Nxd4 Nf6 5. Nc3 Qb6 6. Nb3 Qc7 7. Bd3 Nb4 8.
O-O Nxd3 9. Qxd3 Ng4 10. f4 Qd8 11. Bd2 e6 12. Qg3 h5 13. h3 Qb6+ 14. Kh1 Nf6
15. e5 h4 16. Qe1 Nd5 17. Nxd5 exd5 18. Ba5 Qg6 19. f5 Qc6 20. Nd4 Qc5 21. Rd1
Qc4 22. Rf4 Qa6 23. f6 g5 24. Rg4 b6 25. Bd2 Qxa2 26. b3 Qa6 27. Bxg5 Kd8 28.
Rxh4 Rg8 29. Bf4 Bc5 30. Rh7 Bxd4 31. Rxd4 Qb5 32. Rxf7 Qc6 33. Qd1 Bb7 34. c4
Re8 35. cxd5 Qc5 36. e6 Ba6 37. Rxd7+ Kc8 38. Bd6 Bb5 39. Bxc5 bxc5 40. Re4 {
SuperChicken resigns} 1-0

[Event "ICS rated blitz match"]
[Site "207.99.83.227"]
[Date "1999.04.29"]
[Round "?"]
[White "PostModernist"]
[Black "Hossa"]
[Result "1-0"]
[WhiteElo "2594"]
[BlackElo "2584"]
[PlyCount "141"]

1. d4 d5 2. c4 dxc4 3. Nf3 Nf6 4. e3 b5 5. a4 c6 6. axb5 cxb5 7. b3 Qc7 8. Nc3
Bd7 9. bxc4 bxc4 10. Ne5 e6 11. Bxc4 Bd6 12. Nb5 Bxb5 13. Bxb5+ Nbd7 14. Nxd7
Nxd7 15. Bd2 O-O 16. Rc1 Qd8 17. Qe2 a5 18. O-O Nf6 19. Rfd1 Bb4 20. Bc3 Ne4
21. Bb2 Rb8 22. Bc6 Nd6 23. d5 Qg5 24. dxe6 fxe6 25. Bd7 Qe7 26. Bc6 Qg5 27.
Bd4 Nb5 28. Bxg7 Kxg7 29. f4 Qf5 30. g4 Qg6 31. Bxb5 Rb7 32. Rd7+ Rxd7 33. Bxd7
Be7 34. Rc7 Qb1+ 35. Kg2 Qb4 36. Rc4 Qb7+ 37. Bc6 Qb6 38. Qd3 Kg8 39. Qe4 Rf6
40. Bd7 Qd6 41. Qd4 Qxd4 42. Rxd4 Bc5 43. Re4 Kf7 44. Re5 Bb4 45. g5 Rg6 46. h4
Ke7 47. h5 Kxd7 48. hxg6 hxg6 49. Kf3 Kd6 50. Rb5 Kc7 51. Ke4 Bd2 52. Rb3 Bb4
53. Ke5 Kd7 54. Kf6 Bd6 55. Kxg6 a4 56. Rd3 Ke7 57. Kh7 a3 58. g6 a2 59. Rd1
Bc5 60. g7 a1=Q 61. Rxa1 Bxe3 62. g8=Q Bd4 63. Ra6 Bb6 64. Rxb6 Kd7 65. Qf7+
Kc8 66. Qxe6+ Kd8 67. Qf7 Kc8 68. Qe6+ Kd8 69. f5 Kc7 70. Qd6+ Kc8 71. Rb8# {
Hossa checkmated} 1-0

[Event "ICS rated blitz match"]
[Site "207.99.83.227"]
[Date "1999.04.29"]
[Round "?"]
[White "sicillianknight"]
[Black "Hossa"]
[Result "1-0"]
[WhiteElo "2708"]
[BlackElo "2568"]
[PlyCount "132"]

1. d4 Nf6 2. c4 c5 3. d5 e5 4. Nc3 d6 5. e4 Be7 6. Bd3 Na6 7. f4 exf4 8. Bxf4
Nb4 9. Be2 Qa5 10. a3 Na6 11. e5 dxe5 12. Bxe5 O-O 13. d6 Bd8 14. Nf3 Re8 15.
O-O Nd7 16. Bf4 Bf6 17. Qd3 Qb6 18. Ng5 Bxg5 19. Bxg5 Ne5 20. Qd2 Be6 21. Rf4
f6 22. Re4 Nxc4 23. Bxc4 Bxc4 24. Rxc4 fxg5 25. Ne4 Re5 26. Nxg5 Rf8 27. Re4
c4+ 28. Kh1 Ref5 29. g4 Rf2 30. Qd5+ Kh8 31. Qd4 Rxb2 32. Qxb6 Rxb6 33. d7 Nc5
34. Rd4 Nxd7 35. Rxd7 h6 36. Nf7+ Kh7 37. Rc1 Rf6 38. Ne5 Rf1+ 39. Rxf1 Rxf1+
40. Kg2 Rb1 41. Nxc4 Rb3 42. Nd6 Rxa3 43. Nf5 Kg6 44. Rxg7+ Kf6 45. Rxb7 h5 46.
h3 Kg5 47. Nd4 hxg4 48. Rb5+ Kg6 49. hxg4 a5 50. Nc6 Ra2+ 51. Kf3 a4 52. Rf5
Ra1 53. Ne5+ Kh7 54. Rf7+ Kh6 55. Kf4 Rf1+ 56. Nf3 Kg6 57. Ra7 Kf6 58. g5+ Ke6
59. g6 Rd1 60. Ng5+ Kd6 61. g7 Rf1+ 62. Nf3 Ra1 63. g8=Q Kc5 64. Qc8+ Kb4 65.
Rb7+ Ka3 66. Qc3+ 66... Ka2 {Hossa resigns} 1-0

[Event "ICS rated blitz match"]
[Site "207.99.83.227"]
[Date "1999.04.29"]
[Round "?"]
[White "Hossa"]
[Black "Maroczy"]
[Result "1-0"]
[WhiteElo "2558"]
[BlackElo "2327"]
[PlyCount "143"]

1. d4 Nf6 2. c4 g6 3. Nc3 d5 4. cxd5 Nxd5 5. e4 Nb6 6. Nf3 Bg7 7. Bb5+ Bd7 8.
O-O O-O 9. Be2 a5 10. Bg5 a4 11. Qd2 Nc6 12. Bh6 Na5 13. Qf4 Nac4 14. Rab1 c6
15. Bxg7 Kxg7 16. Kh1 Qb8 17. Qh4 h6 18. Qxe7 Qd8 19. Qb4 Be6 20. Rbc1 Qd6 21.
Qxd6 Nxd6 22. Rfd1 Ndc4 23. Rc2 Rfd8 24. d5 cxd5 25. Nxd5 Bxd5 26. exd5 Nd6 27.
Ne5 Re8 28. f4 f6 29. Ng4 Re7 30. Bf3 Rae8 31. Rg1 Nbc4 32. b3 axb3 33. axb3
Ne3 34. Nxe3 Rxe3 35. Rc7+ R8e7 36. Rxe7+ Rxe7 37. Rd1 f5 38. h4 Kf6 39. Rd3 g5
40. g3 gxf4 41. gxf4 Ne4 42. Rd4 Nd6 43. Kg1 Re3 44. Bd1 Ke7 45. Kg2 Ne4 46.
Bf3 Rxb3 47. Bxe4 fxe4 48. Rxe4+ Kd6 49. Re6+ Kxd5 50. Rxh6 Ke4 51. Rf6 Rb5 52.
Kg3 Rf5 53. Re6+ Kd5 54. Rb6 Rf7 55. h5 Kc5 56. Rb1 b5 57. Kg4 Rg7+ 58. Kh4 Rg2
59. h6 Rh2+ 60. Kg5 Rg2+ 61. Kh5 Rh2+ 62. Kg6 Rg2+ 63. Kf6 Rh2 64. Rc1+ Kb4 65.
Kg6 Rg2+ 66. Kf5 Rh2 67. Rc6 Ka3 68. Kg6 Rg2+ 69. Kf6 Rh2 70. Kg7 Rg2+ 71. Rg6
Rf2 72. h7 {Maroczy resigns} 1-0

[Event "ICS rated blitz match"]
[Site "207.99.83.227"]
[Date "1999.04.30"]
[Round "?"]
[White "Hossa"]
[Black "SuperChicken"]
[Result "0-1"]
[WhiteElo "2565"]
[BlackElo "2691"]
[PlyCount "131"]

1. d4 d5 2. c4 dxc4 3. Nf3 f5 4. Na3 c3 5. bxc3 Nf6 6. e3 Ne4 7. Ne5 Be6 8. c4
Nd7 9. Nxd7 Qxd7 10. Bd3 O-O-O 11. O-O Bf7 12. Bxe4 fxe4 13. Rb1 Kb8 14. Qb3
Qc6 15. Rd1 e5 16. d5 Qb6 17. Qxb6 axb6 18. Nb5 Bc5 19. Bb2 Rhe8 20. Ra1 Bh5
21. Rd2 c6 22. Nc3 Bb4 23. a3 Ba5 24. a4 Kc7 25. Rc2 Bxc3 26. Bxc3 Ra8 27. Bb4
Ra6 28. d6+ Kd7 29. Rd2 c5 30. Bc3 Bf7 31. Rc1 Bxc4 32. f3 exf3 33. gxf3 Rxa4
34. f4 exf4 35. exf4 g6 36. h4 Re4 37. Be5 Ra3 38. Rg2 Rh3 39. Rb1 b5 40. Rh2
Ra3 41. Rg2 Bd3 42. Rd1 Re3 43. Rgd2 c4 44. Rb2 c3 45. Rf2 Be4 46. Rc1 Rg3+ 47.
Kh2 c2 48. Rfxc2 Rh3+ 49. Kg1 Rh1+ 50. Kf2 Rf3+ 51. Kg2 Rfh3+ 52. Kf2 R1h2+ 53.
Kg1 Bxc2 54. Re1 Rh1+ 55. Kg2 R3h2+ 56. Kg3 Rxe1 57. Kxh2 Rxe5 58. fxe5 b4 59.
h5 b3 60. hxg6 Bxg6 61. Kg3 b2 62. Kf3 b1=Q 63. Kg3 Qe1+ 64. Kf4 Qf2+ 65. Kg5
Qg3+ 66. Kh6 {Hossa resigns} 0-1

[Event "ICS Rated blitz match"]
[Site "207.99.83.227"]
[Date "1999.04.30"]
[Round "?"]
[White "brutus"]
[Black "Hossa"]
[Result "0-1"]
[WhiteElo "2154"]
[BlackElo "2555"]
[PlyCount "86"]

1. e4 e5 2. Nf3 Nc6 3. Bb5 a6 4. Ba4 Nf6 5. Qe2 b5 6. Bb3 Bc5 7. c3 O-O 8. d3
Bb7 9. Bg5 b4 10. Nbd2 bxc3 11. bxc3 Rb8 12. Nf1 Re8 13. Ng3 Na5 14. Nh4 h6 15.
Bxh6 gxh6 16. Nhf5 Bf8 17. Nh5 Nxb3 18. axb3 Nxh5 19. Qxh5 Qg5 20. Qf3 Bc8 21.
h4 Qf6 22. g4 Qc6 23. c4 Rxb3 24. g5 Qxc4 25. Rd1 hxg5 26. hxg5 Qb4+ 27. Kf1
Rb1 28. Rxb1 Qxb1+ 29. Kg2 Qxh1+ 30. Kxh1 Re6 31. Qh5 Rg6 32. d4 exd4 33. f4
Bb7 34. Nh4 Bxe4+ 35. Kh2 Rb6 36. f5 Bd6+ 37. Kg1 Rb1+ 38. Kf2 Rb2+ 39. Kg1
Bh2+ 40. Kf1 Bd3+ 41. Ke1 Be2 42. Qxe2 Bg3+ 43. Kd1 43... Rxe2 {brutus resigns}
0-1

[Event "ICS Rated blitz match"]
[Site "207.99.83.227"]
[Date "1999.04.30"]
[Round "?"]
[White "totoff"]
[Black "Hossa"]
[Result "0-1"]
[WhiteElo "2133"]
[BlackElo "2558"]
[PlyCount "86"]

1. e4 c5 2. Nf3 Nc6 3. Bb5 d6 4. c4 e5 5. Nc3 Nf6 6. d3 Be7 7. Bxc6+ bxc6 8.
O-O Rb8 9. b3 O-O 10. Re1 Nd7 11. g4 Nb6 12. h3 Bf6 13. Nh2 d5 14. Nf1 d4 15.
Ne2 Bg5 16. Bb2 Bh6 17. Neg3 Qh4 18. Kg2 g6 19. Qf3 Rb7 20. Ba3 Nd7 21. Rab1
Rb6 22. b4 cxb4 23. Rxb4 Rxb4 24. Bxb4 c5 25. Ba3 Bb7 26. Rb1 Bc6 27. Nh2 a5
28. Bc1 Bxc1 29. Rxc1 f5 30. gxf5 gxf5 31. Qh5 Qxh5 32. Nxh5 fxe4 33. dxe4
Bxe4+ 34. f3 Bd3 35. Ng3 Rb8 36. Ng4 Rb2+ 37. Nf2 Rxa2 38. Nge4 Bxe4 39. fxe4
Nf6 40. Kg3 Kh8 41. Rb1 Rxf2 42. Kxf2 Nxe4+ 43. Ke2 43... Nc3+ {totoff resigns}
0-1

[Event "ICS rated blitz match"]
[Site "207.99.83.227"]
[Date "1999.04.30"]
[Round "?"]
[White "Hossa"]
[Black "SuperChicken"]
[Result "1/2-1/2"]
[WhiteElo "2566"]
[BlackElo "2728"]
[PlyCount "75"]

1. Nf3 d5 2. c4 d4 3. d3 Nc6 4. e4 dxe3 5. fxe3 e5 6. Be2 Nf6 7. O-O Bd6 8. Nc3
Be7 9. d4 exd4 10. exd4 O-O 11. Bf4 Bg4 12. Nb5 Rc8 13. d5 Bc5+ 14. Kh1 Na5 15.
Qd3 Re8 16. Rae1 Ne4 17. Bxc7 Rxc7 18. Nxc7 Qxc7 19. Ng5 Nxg5 20. Bxg4 Qd8 21.
Rxe8+ Qxe8 22. Qd2 Ne4 23. Qe2 g6 24. b3 Qe5 25. Bf3 f5 26. g4 Qf4 27. gxf5 Nd2
28. Qe6+ Kg7 29. Qd7+ Kh6 30. fxg6 hxg6 31. Qh3+ Kg7 32. Qd7+ Kf6 33. Qd8+ Kf7
34. Qd7+ Kf6 35. Qd8+ Kg7 36. Qd7+ Kh6 37. Qh3+ Kg7 38. Qd7+ {
Game drawn by repetition} 1/2-1/2

[Event "ICS rated blitz match"]
[Site "207.99.83.227"]
[Date "1999.04.30"]
[Round "?"]
[White "SiBond"]
[Black "Hossa"]
[Result "1-0"]
[WhiteElo "2354"]
[BlackElo "2573"]
[PlyCount "99"]

1. e4 e5 2. Nf3 Nc6 3. Bc4 Nf6 4. d4 exd4 5. O-O Bc5 6. e5 Ng4 7. Bf4 Qe7 8.
Bg5 Qf8 9. Qe2 h6 10. Bh4 Be7 11. Bg3 h5 12. c3 dxc3 13. Nxc3 h4 14. Bf4 h3 15.
g3 Na5 16. Nd5 Kd8 17. Bd3 Nc6 18. Rae1 Nb4 19. Nxe7 Kxe7 20. Bf5 Nh6 21. Bxh3
Kd8 22. Bg5+ Ke8 23. Qc4 Nc6 24. a3 Ng8 25. Bg2 Nge7 26. Nd2 Qg8 27. h4 Nf5 28.
b4 a6 29. a4 Qf8 30. b5 axb5 31. axb5 Ncd4 32. g4 Nxh4 33. Bxh4 Nxb5 34. Nf3 c6
35. Qf4 b6 36. Re3 Nc7 37. e6 Nxe6 38. Qc7 Rxh4 39. Nxh4 Qc5 40. Rfe1 Qc4 41.
Nf5 Qxg4 42. Rxe6+ fxe6 43. Rxe6+ Kf7 44. Re7+ Kg6 45. Qd6+ Kh5 46. Nxg7+ Qxg7
47. Rxg7 Ra1+ 48. Kh2 Rc1 49. Bf3+ Kh4 50. Qe7# {Hossa checkmated} 1-0

[Event "ICS rated blitz match"]
[Site "207.99.83.227"]
[Date "1999.04.30"]
[Round "?"]
[White "Hossa"]
[Black "SiBond"]
[Result "1-0"]
[WhiteElo "2555"]
[BlackElo "2381"]
[PlyCount "83"]

1. e4 e5 2. Nf3 Nc6 3. Bc4 Bc5 4. d3 Nf6 5. O-O d6 6. Be3 Bxe3 7. fxe3 Na5 8.
Bd5 c6 9. Bb3 Nxb3 10. axb3 O-O 11. Qe2 b5 12. Nbd2 Qb6 13. Ng5 a5 14. Qf3 Bg4
15. Qg3 h6 16. Nh3 h5 17. Ng5 Qc5 18. c3 Qb6 19. h3 h4 20. Qf2 Bh5 21. Kh1 Rfb8
22. Rae1 d5 23. Qxh4 Bg6 24. Ndf3 Re8 25. d4 exd4 26. e5 dxe3 27. exf6 gxf6 28.
Nxf7 Bxf7 29. Nd4 Re4 30. Qxf6 Qa7 31. Nxc6 Qc7 32. Qg5+ Kh8 33. Qh6+ Kg8 34.
Rf5 Re6 35. Rg5+ Rg6 36. Rxg6+ Bxg6 37. Qxg6+ Kh8 38. Rxe3 Qh7 39. Qf6+ Qg7 40.
Qh4+ Qh7 41. Qd4+ Qg7 42. Re5 {SiBond resigns} 1-0